| 000 | 00816nam a22002895i 4500 | ||
|---|---|---|---|
| 005 | 20230608110712.0 | ||
| 008 | 160725s2016 mau 000 0 eng | ||
| 010 | _a 2016949012 | ||
| 020 | _a9781305667570 (pkg se) | ||
| 040 |
_aDLC _beng _erda _cDLC |
||
| 042 | _apcc | ||
| 082 |
_a658.403 _bBID-M |
||
| 100 | 1 | _aBidgoli, Hossein. | |
| 245 | 1 | 0 |
_aMis / _cHossein Bidgoli. |
| 250 | _a7th edition. | ||
| 260 |
_aUSA _bCengage _c2017 |
||
| 263 | _a1611 | ||
| 264 | 1 |
_a20 Channel Center Street, Mason, MA : _bCengage Learning, _c2016. |
|
| 300 | _apages cm | ||
| 336 |
_atext _btxt _2rdacontent |
||
| 337 |
_aunmediated _bn _2rdamedia |
||
| 338 |
_avolume _bnc _2rdacarrier |
||
| 650 | _aInformation Systems | ||
| 906 |
_a0 _bibc _corignew _d2 _eepcn _f20 _gy-gencatlg |
||
| 999 |
_c18670 _d18670 |
||